Staline... Ou Stallone ? - Statistiques

Statistiques générales
  • Ce quiz a été pris 708 fois
  • Le résultat moyen est 6 sur 10
Statistiques - réponses
Question Réponse % Correct
A tourné un film érotique Stallone
91%
A rencontré Arnold Schwarzenegger Stallone
85%
Est né en Géorgie Staline
80%
A contribué à la diffusion de l’imaginaire de la Guerre froide. Les deux
68%
Son nom signifie "acier" ou "Homme d'acier" Staline
64%
S'est fait appeler Koba dans sa jeunesse Staline
61%
A fait plus de deux ans de prison Staline
56%
A rencontré Ronald Reagan Stallone
49%
Admire le cinéma américain des années 1930-1940 Les deux
47%
A été personnalité de l'année selon Time Magazine Staline
27%
Aucun quiz correspondant
Distribution des résultats
% des personnes avec chaque résultat
Percentile par nombre de réponses
Votre historique - résultats
Vous n’avez pas pris ce quiz